000 00611nam a2200241Ia 4500
003 OSt
005 20221007071916.0
006 a|||||r|||| 00| 0
007 ta
008 221006b |||||||| |||| 00| 0 eng d
024 _a24,981
037 _cTextual
040 _aFLL
_cFLL
_beng
041 _2eng
_aeng
082 _aZ3:211vM8, C6
100 _apollock Frederick
_978134
245 0 _aLand laws
250 _a3rd
260 _aLondon
_bMacmillan And Co. UK
_c1896
300 _a233p
_ccm.
942 _hZ3:211vM8, C6
_cTEXL
_2CC
999 _c1144646
_d1144646